000 00655nam a22002177a 4500
999 _c20526
_d20526
003 AR-CdUCM
008 190531b ||||| |||| 00| 0 spa d
040 _aMUNICIPALIDAD PROVINCIAL DEL CUSCO
_cBIBLIOTECA MUNICIPAL DEL CUSCO
041 _hfre
082 _a848.94 /
_bSA251
100 _aSartre, Jean Paul
_9911
245 _aEl fantasma de Stalin /
260 _aBuenos Aires :
_bSantiago Rueda Editor,
_c1958.
300 _a147 páginas ;
_c20 cm.
505 _aContenido: Comunismo.
650 _aComunismo
_9495
650 _aHungría
_94171
700 _aPeñas, Hugo (traducción)
_942915
942 _2ddc
_cLIBROS
945 _adavv
_d2019-05-31